Normal view
MARC view
Entry Corporate Name
001 - CONTROL NUMBER
- control field: 58889
003 - CONTROL NUMBER IDENTIFIER
- control field: MY-SjTCS
005 - DATE AND TIME OF LATEST TRANSACTION
- control field: 20191205134616.0
008 - FIXED-LENGTH DATA ELEMENTS
- fixed length control field: 120113nn a|a||abb| a a|a d
039 #9 -
- : 201201131530
- : shuhada
040 ## - CATALOGING SOURCE
- Original cataloging agency: VRT
- Transcribing agency: VRT
110 2# - HEADING--CORPORATE NAME
- Corporate name or jurisdiction name as entry element: Razor Digital Entertainment (Firm)
670 ## - SOURCE DATA FOUND
- Source citation: First emperor of China, c2005.:
- Information found: t.p. (National Film Board of Canada/China Xi'an Film Studio co-production in association with the Canadian Museum of Civilization ; directed by, Liu Hao Xue and Tony Ianzelo ; writers, Liu Yun Hui, Robert Duncan, Wang J Cheng.)
999 ## -
- : VIRTUA4 x
999 ## -
- : VTLSSORT0080*0400*1100*6700*9991